Water well rehabilitation and reconstruction

Guardado en:
Detalles Bibliográficos
Autor principal: Houben,Georg
Formato: Libro
Lenguaje:Undetermined
Publicado: New York, NY McGraw-Hill 2007
Materias:
Etiquetas: Agregar Etiqueta
Sin Etiquetas, Sea el primero en etiquetar este registro!
Thư viện lưu trữ: Trung tâm Học liệu Trường Đại học Cần Thơ
LEADER 00562nam a2200205Ia 4500
001 CTU_127816
008 210402s9999 xx 000 0 und d
020 |c 1439000 
082 |a 628.1140288 
082 |b H835 
100 |a Houben,Georg 
245 0 |a Water well rehabilitation and reconstruction 
245 0 |c Georg Houben and Christoph Treskatis 
260 |a New York, NY 
260 |b McGraw-Hill 
260 |c 2007 
650 |a Wells 
650 |x Maintenance and repair. 
904 |i Minh 
980 |a Trung tâm Học liệu Trường Đại học Cần Thơ